[Event "II Open Internacional Blitz Quart de Pob"]
[Site "Quart de Poblet, Spain"]
[Date "2019.08.10"]
[Round "1.2"]
[White "Kovacevic, Slobodan"]
[Black "Ortega Sanchis, Angela"]
[Result "1-0"]
[WhiteElo "2395"]
[BlackElo "1638"]
[PlyCount "55"]
[EventDate "2019.??.??"]

1. d4 {[%clk 00:07:03]  [%emt 00:00:27]} 1... Nf6 {[%clk 00:07:04]} 2. Nf3 {
[%clk 00:07:05]} 2... g6 {[%clk 00:07:04]  [%emt 00:00:18]} 3. Bg5 {
[%clk 00:07:06]} 3... Bg7 {[%clk 00:07:06]} 4. Nbd2 {[%clk 00:07:08]} 4... d6 {
[%clk 00:07:07]} 5. c3 {[%clk 00:07:10]} 5... O-O {[%clk 00:07:07]} 6. e4 {
[%clk 00:07:11]} 6... Nc6 {[%clk 00:07:03]  [%emt 00:00:05]} 7. Bb5 {
[%clk 00:07:13]} 7... a6 {[%clk 00:06:50]} 8. Bxc6 {
[%clk 00:07:13]  [%emt 00:00:03]} 8... bxc6 {[%clk 00:06:51]} 9. O-O {
[%clk 00:07:14]  [%emt 00:00:03]} 9... h6 {[%clk 00:06:37]  [%emt 00:00:15]}
10. Bh4 {[%clk 00:07:15]  [%emt 00:00:16]} 10... g5 {
[%clk 00:05:51]  [%emt 00:00:38]} 11. Bg3 {[%clk 00:07:17]  [%emt 00:00:04]}
11... Nh5 {[%clk 00:05:52]} 12. Qa4 {[%clk 00:07:15]  [%emt 00:00:03]} 12...
Nxg3 {[%clk 00:05:50]  [%emt 00:00:06]} 13. hxg3 {
[%clk 00:07:16]  [%emt 00:00:04]} 13... Bd7 {[%clk 00:05:33]  [%emt 00:00:15]}
14. Qa5 {[%clk 00:07:18]} 14... Qb8 {[%clk 00:05:02]  [%emt 00:00:39]} 15. Rab1
{[%clk 00:07:14]  [%emt 00:00:06]} 15... Qb5 {[%clk 00:04:42]  [%emt 00:00:22]}
16. Qxc7 {[%clk 00:06:36]  [%emt 00:00:48]} 16... Bg4 {
[%clk 00:03:30]  [%emt 00:01:04]} 17. c4 {[%clk 00:05:16]  [%emt 00:01:24]}
17... Qa4 {[%clk 00:02:19]  [%emt 00:01:15]} 18. b3 {
[%clk 00:04:45]  [%emt 00:00:33]} 18... Qxa2 {[%clk 00:01:21]  [%emt 00:01:03]}
19. Qxe7 {[%clk 00:04:44]  [%emt 00:00:14]} 19... Bxf3 {
[%clk 00:01:07]  [%emt 00:00:04]} 20. Nxf3 {[%clk 00:04:45]  [%emt 00:00:12]}
20... Rfe8 {[%clk 00:00:56]  [%emt 00:00:05]} 21. Qxd6 {
[%clk 00:04:44]  [%emt 00:00:06]} 21... Rxe4 {[%clk 00:00:47]  [%emt 00:00:14]}
22. Qxc6 {[%clk 00:04:45]  [%emt 00:00:09]} 22... Rae8 {[%clk 00:00:42]} 23.
Ne5 {[%clk 00:04:23]  [%emt 00:00:23]} 23... R4xe5 {
[%clk 00:00:34]  [%emt 00:00:13]} 24. dxe5 {[%clk 00:04:24]  [%emt 00:00:03]}
24... Rxe5 {[%clk 00:00:33]  [%emt 00:00:04]} 25. Rbe1 {
[%clk 00:04:15]  [%emt 00:00:10]} 25... Rxe1 {[%clk 00:00:11]  [%emt 00:00:24]}
26. Rxe1 {[%clk 00:04:17]  [%emt 00:00:10]} 26... Qxb3 {
[%clk 00:00:06]  [%emt 00:00:03]} 27. Re8+ {[%clk 00:04:17]} 27... Bf8 {
[%clk 00:00:05]  [%emt 00:00:07]} 28. Qd6 {[%clk 00:03:09]  [%emt 00:01:06]}
1-0

[Event "II Open Internacional Blitz Quart de Pob"]
[Site "Quart de Poblet, Spain"]
[Date "2019.08.10"]
[Round "1.3"]
[White "Palao, Adriana"]
[Black "Granero Roca, Antonio"]
[Result "0-1"]
[WhiteElo "1623"]
[BlackElo "2393"]
[PlyCount "120"]
[EventDate "2019.??.??"]

1. e4 {[%clk 00:07:04]  [%emt 00:00:31]} 1... c5 {[%clk 00:07:04]} 2. Nf3 {
[%clk 00:07:05]  [%emt 00:00:03]} 2... Nc6 {[%clk 00:07:05]} 3. d4 {
[%clk 00:07:07]} 3... cxd4 {[%clk 00:07:03]} 4. Nxd4 {[%clk 00:07:08]} 4... g6
{[%clk 00:07:05]} 5. Nc3 {[%clk 00:07:09]} 5... Bg7 {[%clk 00:07:02]} 6. Be3 {
[%clk 00:07:11]  [%emt 00:00:04]} 6... Nf6 {[%clk 00:07:04]} 7. Bc4 {
[%clk 00:07:11]} 7... O-O {[%clk 00:07:04]} 8. Bb3 {
[%clk 00:07:13]  [%emt 00:00:03]} 8... a5 {[%clk 00:07:04]} 9. O-O {
[%clk 00:07:10]  [%emt 00:00:05]} 9... d6 {[%clk 00:07:05]  [%emt 00:00:04]}
10. h3 {[%clk 00:06:55]  [%emt 00:00:14]} 10... Bd7 {
[%clk 00:06:39]  [%emt 00:00:29]} 11. f4 {[%clk 00:06:53]  [%emt 00:00:31]}
11... a4 {[%clk 00:06:30]  [%emt 00:00:03]} 12. Bxa4 {
[%clk 00:06:14]  [%emt 00:00:26]} 12... Nxe4 {[%clk 00:06:10]  [%emt 00:00:22]}
13. Nxe4 {[%clk 00:05:52]  [%emt 00:00:25]} 13... Rxa4 {
[%clk 00:06:11]  [%emt 00:00:37]} 14. Nxc6 {[%clk 00:05:43]  [%emt 00:00:03]}
14... Bxc6 {[%clk 00:05:58]} 15. Nc3 {[%clk 00:05:39]  [%emt 00:00:07]} 15...
Rb4 {[%clk 00:05:52]  [%emt 00:00:04]} 16. Rb1 {
[%clk 00:05:23]  [%emt 00:00:26]} 16... Qa5 {[%clk 00:05:48]} 17. a3 {
[%clk 00:05:08]  [%emt 00:00:14]} 17... Rc4 {[%clk 00:05:19]  [%emt 00:00:32]}
18. Qd3 {[%clk 00:04:12]  [%emt 00:01:03]} 18... b5 {[%clk 00:05:20]} 19. Bd2 {
[%clk 00:03:38]  [%emt 00:00:36]} 19... Qb6+ {[%clk 00:05:01]  [%emt 00:00:27]}
20. Be3 {[%emt 00:00:17]} 20... Bd4 {[%clk 00:04:41]  [%emt 00:00:12]} 21. Bxd4
{[%clk 00:03:23]  [%emt 00:00:13]} 21... Qxd4+ {
[%clk 00:04:42]  [%emt 00:00:03]} 22. Qxd4 {[%clk 00:03:19]  [%emt 00:00:08]}
22... Rxd4 {[%clk 00:04:44]  [%emt 00:00:03]} 23. Rbe1 {[%clk 00:03:15]} 23...
Re8 {[%clk 00:04:35]  [%emt 00:00:16]} 24. Re2 {[%clk 00:03:07]} 24... b4 {
[%clk 00:04:34]  [%emt 00:00:26]} 25. axb4 {[%clk 00:02:46]  [%emt 00:00:09]}
25... Rxb4 {[%clk 00:04:35]  [%emt 00:00:11]} 26. b3 {[%clk 00:02:48]} 26...
Kf8 {[%clk 00:04:33]  [%emt 00:00:03]} 27. g3 {[%clk 00:02:43]  [%emt 00:00:03]
} 27... Rc8 {[%clk 00:04:22]  [%emt 00:00:18]} 28. Rfe1 {[%emt 00:00:18]} 28...
e6 {[%clk 00:04:12]  [%emt 00:00:08]} 29. Rd2 {[%clk 00:02:06]  [%emt 00:00:44]
} 29... d5 {[%clk 00:04:10]} 30. Ne2 {[%clk 00:02:00]} 30... Be8 {
[%clk 00:04:01]  [%emt 00:00:25]} 31. Nd4 {[%clk 00:01:58]} 31... Rc3 {
[%clk 00:04:01]} 32. Kf2 {[%clk 00:01:55]  [%emt 00:00:03]} 32... Bd7 {
[%clk 00:03:53]} 33. Re3 {[%clk 00:01:48]  [%emt 00:00:17]} 33... Rxe3 {
[%clk 00:03:39]} 34. Kxe3 {[%clk 00:01:50]  [%emt 00:00:16]} 34... f6 {
[%clk 00:03:40]  [%emt 00:00:03]} 35. g4 {[%clk 00:01:41]} 35... Ke7 {
[%clk 00:03:41]  [%emt 00:00:51]} 36. Nf3 {[%clk 00:01:35]} 36... Re4+ {
[%clk 00:03:42]} 37. Kf2 {[%clk 00:01:28]} 37... Rxf4 {[%clk 00:03:43]} 38. Kg3
{[%clk 00:01:18]} 38... Rb4 {[%clk 00:03:44]  [%emt 00:00:04]} 39. g5 {
[%clk 00:01:12]  [%emt 00:00:08]} 39... Bc6 {[%clk 00:03:35]  [%emt 00:00:30]}
40. gxf6+ {[%clk 00:01:10]  [%emt 00:00:06]} 40... Kxf6 {[%clk 00:03:37]} 41.
Rf2 {[%clk 00:01:12]} 41... Ke7 {[%clk 00:03:28]} 42. Ne5 {
[%clk 00:01:04]  [%emt 00:00:04]} 42... Be8 {[%clk 00:03:29]  [%emt 00:00:04]}
43. Rf7+ {[%clk 00:00:15]  [%emt 00:00:45]} 43... Bxf7 {
[%clk 00:03:29]  [%emt 00:00:23]} 44. Nc6+ {[%clk 00:00:18]} 44... Kd6 {
[%clk 00:03:30]} 45. Nxb4 {[%clk 00:00:20]} 45... e5 {
[%clk 00:03:31]  [%emt 00:00:07]} 46. h4 {[%clk 00:00:16]} 46... h6 {
[%clk 00:03:27]} 47. Nd3 {[%clk 00:00:15]} 47... e4 {
[%clk 00:03:20]  [%emt 00:00:10]} 48. Nf4 {[%clk 00:00:12]  [%emt 00:00:11]}
48... d4 {[%clk 00:03:17]  [%emt 00:00:04]} 49. Kf2 {
[%clk 00:00:08]  [%emt 00:00:08]} 49... Ke5 {[%clk 00:03:16]  [%emt 00:00:03]}
50. Ne2 {[%clk 00:00:10]} 50... Bd5 {[%clk 00:03:10]  [%emt 00:00:04]} 51. Kg3
{[%clk 00:00:08]  [%emt 00:00:12]} 51... e3 {[%clk 00:03:06]  [%emt 00:00:14]}
52. b4 {[%clk 00:00:05]} 52... Be4 {[%clk 00:03:01]} 53. b5 {
[%clk 00:00:05]  [%emt 00:00:10]} 53... Bxc2 {[%clk 00:02:57]  [%emt 00:00:06]}
54. b6 {[%clk 00:00:07]} 54... Be4 {[%clk 00:02:59]} 55. Nf4 {[%clk 00:00:08]}
55... g5 {[%clk 00:02:52]  [%emt 00:00:08]} 56. Nd3+ {
[%clk 00:00:09]  [%emt 00:00:22]} 56... Kd6 {[%clk 00:02:46]  [%emt 00:00:04]}
57. Ne1 {[%clk 00:00:07]} 57... d3 {[%clk 00:02:45]} 58. Nxd3 {[%clk 00:00:07]}
58... Bxd3 {[%clk 00:02:46]} 59. hxg5 {[%clk 00:00:08]  [%emt 00:00:03]} 59...
hxg5 {[%clk 00:02:48]} 60. Kf3 {[%clk 00:00:10]  [%emt 00:00:07]} 60... e2 {
[%clk 00:02:50]} 0-1

[Event "II Open Internacional Blitz Quart de Pob"]
[Site "Quart de Poblet, Spain"]
[Date "2019.08.10"]
[Round "1.4"]
[White "Diaz Velandia, Jose Manuel"]
[Black "Ortega Sanchis, Ivan"]
[Result "1-0"]
[WhiteElo "2377"]
[BlackElo "1620"]
[PlyCount "45"]
[EventDate "2019.??.??"]

1. d4 {[%clk 00:07:05]} 1... Nf6 {[%clk 00:07:04]  [%emt 00:00:08]} 2. Nf3 {
[%clk 00:07:07]} 2... g6 {[%clk 00:07:06]} 3. e3 {[%clk 00:07:09]} 3... Bg7 {
[%clk 00:07:08]} 4. Bd3 {[%clk 00:07:10]} 4... d5 {
[%clk 00:07:03]  [%emt 00:00:34]} 5. Ne5 {[%clk 00:07:10]  [%emt 00:00:11]}
5... O-O {[%clk 00:07:01]} 6. O-O {[%clk 00:07:11]} 6... Nbd7 {[%clk 00:07:01]}
7. f4 {[%clk 00:07:12]} 7... c5 {[%clk 00:06:56]} 8. c3 {
[%clk 00:07:14]  [%emt 00:00:04]} 8... Ne4 {[%clk 00:06:34]  [%emt 00:00:18]}
9. Nd2 {[%clk 00:07:15]} 9... Ndf6 {[%clk 00:06:36]} 10. Nxe4 {
[%clk 00:06:48]  [%emt 00:00:41]} 10... Nxe4 {[%clk 00:06:37]} 11. Qc2 {
[%clk 00:06:19]  [%emt 00:00:17]} 11... cxd4 {[%clk 00:06:32]  [%emt 00:00:08]}
12. exd4 {[%clk 00:06:18]  [%emt 00:00:43]} 12... Nf6 {[%clk 00:06:04]} 13. f5
{[%clk 00:06:16]  [%emt 00:00:08]} 13... Qb6 {[%clk 00:05:38]  [%emt 00:00:30]}
14. Kh1 {[%clk 00:05:40]  [%emt 00:00:27]} 14... Nd7 {
[%clk 00:05:11]  [%emt 00:00:30]} 15. Nf3 {[%clk 00:05:37]  [%emt 00:00:09]}
15... Nf6 {[%clk 00:05:01]  [%emt 00:00:10]} 16. Ne5 {
[%clk 00:05:25]  [%emt 00:00:26]} 16... Nd7 {[%clk 00:05:01]} 17. Ng4 {
[%clk 00:05:27]} 17... Nf6 {[%clk 00:04:49]  [%emt 00:00:08]} 18. Nh6+ {
[%clk 00:05:28]  [%emt 00:00:28]} 18... Kh8 {[%clk 00:04:44]} 19. fxg6 {
[%clk 00:05:05]  [%emt 00:00:11]} 19... hxg6 {[%clk 00:04:08]  [%emt 00:00:36]}
20. Qf2 {[%clk 00:04:52]  [%emt 00:00:18]} 20... Be6 {
[%clk 00:02:46]  [%emt 00:01:22]} 21. Qh4 {[%clk 00:04:43]  [%emt 00:00:20]}
21... Ne4 {[%clk 00:02:12]  [%emt 00:00:31]} 22. Nf5+ {
[%clk 00:04:38]  [%emt 00:00:33]} 22... Kg8 {[%clk 00:02:10]  [%emt 00:00:03]}
23. Nxe7# {[%clk 00:04:38]} 1-0

[Event "II Open Internacional Blitz Quart de Pob"]
[Site "Quart de Poblet, Spain"]
[Date "2019.08.10"]
[Round "1.5"]
[White "Ordonez Carrasco, Jorge"]
[Black "Ballester Llagaria, Luis Eduardo"]
[Result "0-1"]
[WhiteElo "1559"]
[BlackElo "2291"]
[PlyCount "142"]
[EventDate "2019.??.??"]

1. e4 {[%clk 00:07:04]  [%emt 00:00:03]} 1... c5 {
[%clk 00:07:05]  [%emt 00:00:03]} 2. Nf3 {[%clk 00:07:05]} 2... b6 {
[%clk 00:07:07]  [%emt 00:00:05]} 3. Nc3 {[%clk 00:06:58]  [%emt 00:00:07]}
3... Bb7 {[%clk 00:07:09]  [%emt 00:00:03]} 4. d4 {
[%clk 00:06:54]  [%emt 00:00:06]} 4... cxd4 {[%clk 00:07:11]  [%emt 00:00:23]}
5. Nxd4 {[%clk 00:06:55]} 5... a6 {[%clk 00:07:13]} 6. Be3 {[%clk 00:06:44]}
6... e6 {[%clk 00:07:15]} 7. Qd2 {[%clk 00:06:25]  [%emt 00:00:14]} 7... Qc7 {
[%clk 00:07:16]  [%emt 00:00:10]} 8. f3 {[%clk 00:06:12]  [%emt 00:00:08]} 8...
Nf6 {[%clk 00:07:10]  [%emt 00:00:13]} 9. Be2 {[%clk 00:05:57]  [%emt 00:00:20]
} 9... Bb4 {[%clk 00:07:06]  [%emt 00:00:07]} 10. a3 {
[%clk 00:05:36]  [%emt 00:00:20]} 10... Bxc3 {[%clk 00:06:27]  [%emt 00:01:04]}
11. bxc3 {[%clk 00:05:30]  [%emt 00:00:08]} 11... d5 {[%clk 00:06:24]} 12. exd5
{[%clk 00:05:01]  [%emt 00:00:15]} 12... Nxd5 {[%clk 00:06:25]  [%emt 00:00:05]
} 13. c4 {[%clk 00:04:59]  [%emt 00:00:20]} 13... Nxe3 {
[%clk 00:06:10]  [%emt 00:00:04]} 14. Qxe3 {[%clk 00:05:01]} 14... O-O {
[%clk 00:05:45]  [%emt 00:00:25]} 15. O-O {[%clk 00:04:51]  [%emt 00:00:14]}
15... Nd7 {[%clk 00:05:47]  [%emt 00:00:09]} 16. Rab1 {
[%clk 00:04:29]  [%emt 00:00:19]} 16... Rad8 {[%clk 00:05:12]  [%emt 00:00:36]}
17. Rfd1 {[%clk 00:04:15]  [%emt 00:00:38]} 17... Qc5 {
[%clk 00:04:42]  [%emt 00:00:14]} 18. Kh1 {[%clk 00:03:48]  [%emt 00:00:28]}
18... Ne5 {[%clk 00:04:42]  [%emt 00:00:30]} 19. Qc3 {
[%clk 00:03:29]  [%emt 00:00:06]} 19... Ng6 {[%clk 00:03:55]  [%emt 00:00:40]}
20. Nb3 {[%clk 00:02:56]  [%emt 00:00:39]} 20... Qf2 {
[%clk 00:03:52]  [%emt 00:00:04]} 21. Qe1 {[%clk 00:02:46]  [%emt 00:00:11]}
21... Qe3 {[%clk 00:03:18]  [%emt 00:00:37]} 22. Bd3 {
[%clk 00:02:36]  [%emt 00:00:18]} 22... Qg5 {[%clk 00:03:02]  [%emt 00:00:25]}
23. Qg3 {[%clk 00:02:30]  [%emt 00:00:18]} 23... Qf6 {
[%clk 00:02:46]  [%emt 00:00:04]} 24. Nd2 {[%clk 00:02:18]  [%emt 00:00:09]}
24... e5 {[%clk 00:02:19]  [%emt 00:00:56]} 25. Ne4 {[%clk 00:02:06]} 25... Qe6
{[%clk 00:02:08]  [%emt 00:00:07]} 26. Qf2 {[%clk 00:01:54]  [%emt 00:00:13]}
26... Bxe4 {[%clk 00:01:59]  [%emt 00:00:10]} 27. Bxe4 {
[%clk 00:01:55]  [%emt 00:00:06]} 27... Qxc4 {[%clk 00:01:48]  [%emt 00:00:10]}
28. Bd3 {[%clk 00:01:50]  [%emt 00:00:41]} 28... Qc5 {
[%clk 00:01:13]  [%emt 00:00:06]} 29. Qxc5 {[%clk 00:01:34]  [%emt 00:00:23]}
29... bxc5 {[%clk 00:01:15]  [%emt 00:00:04]} 30. a4 {
[%clk 00:01:27]  [%emt 00:00:05]} 30... a5 {[%clk 00:01:12]  [%emt 00:00:07]}
31. g3 {[%clk 00:01:22]  [%emt 00:00:07]} 31... Rd4 {
[%clk 00:01:06]  [%emt 00:00:06]} 32. Bb5 {[%clk 00:01:18]  [%emt 00:00:12]}
32... h6 {[%clk 00:00:52]  [%emt 00:00:14]} 33. c3 {
[%clk 00:01:14]  [%emt 00:00:42]} 33... Rxd1+ {[%clk 00:00:45]} 34. Rxd1 {
[%clk 00:01:16]} 34... f5 {[%clk 00:00:30]} 35. Kg2 {
[%clk 00:01:08]  [%emt 00:00:06]} 35... Rc8 {[%clk 00:00:25]  [%emt 00:00:06]}
36. Bc4+ {[%clk 00:01:01]  [%emt 00:00:13]} 36... Kf8 {
[%clk 00:00:21]  [%emt 00:00:06]} 37. Rd7 {[%clk 00:00:58]  [%emt 00:00:07]}
37... Ne7 {[%clk 00:00:22]  [%emt 00:00:07]} 38. Ra7 {
[%clk 00:00:55]  [%emt 00:00:03]} 38... g5 {[%clk 00:00:15]  [%emt 00:00:05]}
39. Rxa5 {[%clk 00:00:56]  [%emt 00:00:07]} 39... Kg7 {[%clk 00:00:14]} 40. Ra7
{[%clk 00:00:59]} 40... Kf6 {[%clk 00:00:17]} 41. Kf2 {[%clk 00:01:00]} 41...
Nc6 {[%clk 00:00:17]  [%emt 00:00:10]} 42. Ra6 {
[%clk 00:01:00]  [%emt 00:00:03]} 42... Ke7 {[%clk 00:00:17]} 43. Ke3 {
[%clk 00:01:01]  [%emt 00:00:04]} 43... Rc7 {[%clk 00:00:17]  [%emt 00:00:03]}
44. Bb5 {[%clk 00:00:57]  [%emt 00:00:04]} 44... Kd6 {
[%clk 00:00:14]  [%emt 00:00:05]} 45. Rb6 {[%clk 00:00:54]  [%emt 00:00:07]}
45... Kd5 {[%clk 00:00:14]  [%emt 00:00:04]} 46. h3 {
[%clk 00:00:46]  [%emt 00:00:08]} 46... h5 {[%clk 00:00:12]  [%emt 00:00:11]}
47. Kd3 {[%clk 00:00:45]  [%emt 00:00:04]} 47... e4+ {[%clk 00:00:13]} 48.
fxe4+ {[%clk 00:00:45]  [%emt 00:00:03]} 48... fxe4+ {[%clk 00:00:15]} 49. Ke3
{[%clk 00:00:46]  [%emt 00:00:04]} 49... Ne5 {[%clk 00:00:18]} 50. g4 {
[%clk 00:00:41]  [%emt 00:00:05]} 50... hxg4 {[%clk 00:00:19]  [%emt 00:00:03]}
51. hxg4 {[%clk 00:00:44]} 51... Nxg4+ {[%clk 00:00:21]} 52. Ke2 {
[%clk 00:00:43]  [%emt 00:00:35]} 52... Ne5 {[%clk 00:00:22]} 53. Ke3 {
[%clk 00:00:44]} 53... Rf7 {[%clk 00:00:18]  [%emt 00:00:05]} 54. Ba6 {
[%clk 00:00:42]  [%emt 00:00:08]} 54... Rf3+ {[%clk 00:00:15]  [%emt 00:00:04]}
55. Ke2 {[%clk 00:00:44]} 55... Rxc3 {[%clk 00:00:15]  [%emt 00:00:08]} 56.
Bb7+ {[%clk 00:00:46]} 56... Kd4 {[%clk 00:00:16]} 57. Rd6+ {
[%clk 00:00:46]  [%emt 00:00:03]} 57... Kc4 {[%clk 00:00:18]} 58. Bxe4 {
[%clk 00:00:45]  [%emt 00:00:04]} 58... Kb4 {[%clk 00:00:17]  [%emt 00:00:03]}
59. Rd5 {[%clk 00:00:44]  [%emt 00:00:04]} 59... Nc4 {
[%clk 00:00:16]  [%emt 00:00:04]} 60. Bd3 {[%clk 00:00:39]  [%emt 00:00:09]}
60... Nb2 {[%clk 00:00:15]  [%emt 00:00:04]} 61. Bb5 {
[%clk 00:00:38]  [%emt 00:00:04]} 61... g4 {[%clk 00:00:14]  [%emt 00:00:03]}
62. Rg5 {[%clk 00:00:38]  [%emt 00:00:03]} 62... g3 {
[%clk 00:00:15]  [%emt 00:00:07]} 63. Rg4+ {[%clk 00:00:37]  [%emt 00:00:04]}
63... c4 {[%clk 00:00:18]} 64. Rg8 {[%clk 00:00:36]} 64... Nxa4 {
[%clk 00:00:12]  [%emt 00:00:07]} 65. Rb8 {[%clk 00:00:33]  [%emt 00:00:12]}
65... Nc5 {[%clk 00:00:09]} 66. Bc6+ {[%clk 00:00:32]  [%emt 00:00:04]} 66...
Ka3 {[%clk 00:00:11]  [%emt 00:00:07]} 67. Ra8+ {[%clk 00:00:33]} 67... Kb2 {
[%clk 00:00:13]} 68. Rb8+ {[%clk 00:00:33]  [%emt 00:00:03]} 68... Nb3 {
[%clk 00:00:15]} 69. Rg8 {[%clk 00:00:32]  [%emt 00:00:04]} 69... Rd3 {
[%clk 00:00:15]  [%emt 00:00:04]} 70. Be4 {[%clk 00:00:30]  [%emt 00:00:04]}
70... Nc1+ {[%clk 00:00:14]  [%emt 00:00:03]} 71. Ke1 {
[%clk 00:00:30]  [%emt 00:00:07]} 71... Re3+ {[%clk 00:00:16]} 0-1

[Event "II Open Internacional Blitz Quart de Pob"]
[Site "Quart de Poblet, Spain"]
[Date "2019.08.10"]
[Round "1.6"]
[White "Castella Garcia, Fausto"]
[Black "Perez Pinazo, Jose Oscar"]
[Result "1-0"]
[WhiteElo "2279"]
[BlackElo "1537"]
[PlyCount "41"]
[EventDate "2019.??.??"]

1. e4 {[%clk 00:07:05]} 1... c6 {[%clk 00:07:06]} 2. d4 {[%clk 00:07:05]} 2...
d5 {[%clk 00:07:08]} 3. e5 {[%clk 00:07:07]} 3... Bf5 {[%clk 00:07:09]} 4. Nf3
{[%clk 00:07:08]  [%emt 00:00:09]} 4... e6 {[%clk 00:07:10]  [%emt 00:00:04]}
5. Be2 {[%clk 00:07:10]} 5... c5 {[%clk 00:07:06]  [%emt 00:00:04]} 6. Be3 {
[%clk 00:07:11]  [%emt 00:00:03]} 6... Nc6 {[%clk 00:07:06]  [%emt 00:00:05]}
7. c4 {[%clk 00:07:05]  [%emt 00:00:08]} 7... Qb6 {
[%clk 00:06:12]  [%emt 00:00:51]} 8. cxd5 {[%clk 00:06:53]  [%emt 00:00:15]}
8... exd5 {[%clk 00:06:01]  [%emt 00:00:41]} 9. Nc3 {
[%clk 00:06:27]  [%emt 00:00:04]} 9... O-O-O {[%clk 00:05:02]  [%emt 00:01:01]}
10. O-O {[%clk 00:06:20]  [%emt 00:00:11]} 10... Kb8 {
[%clk 00:04:55]  [%emt 00:00:08]} 11. Na4 {[%clk 00:05:46]  [%emt 00:00:37]}
11... Qa5 {[%clk 00:04:20]  [%emt 00:00:49]} 12. Nxc5 {
[%clk 00:05:31]  [%emt 00:00:15]} 12... Nh6 {[%clk 00:03:05]  [%emt 00:01:09]}
13. Rc1 {[%clk 00:04:13]  [%emt 00:01:24]} 13... Be7 {
[%clk 00:01:50]  [%emt 00:01:16]} 14. Qb3 {[%clk 00:03:50]  [%emt 00:00:26]}
14... Qb4 {[%clk 00:01:37]  [%emt 00:00:19]} 15. Na6+ {
[%clk 00:03:18]  [%emt 00:00:32]} 15... bxa6 {[%clk 00:01:21]  [%emt 00:00:21]}
16. Rxc6 {[%clk 00:03:19]  [%emt 00:00:04]} 16... Qxb3 {
[%clk 00:01:21]  [%emt 00:00:06]} 17. axb3 {[%clk 00:03:21]} 17... Ng4 {
[%clk 00:00:58]  [%emt 00:00:20]} 18. Bf4 {[%clk 00:03:11]  [%emt 00:00:16]}
18... Ka8 {[%clk 00:00:52]  [%emt 00:00:06]} 19. Bxa6 {
[%clk 00:03:09]  [%emt 00:00:36]} 19... h6 {[%clk 00:00:29]  [%emt 00:00:04]}
20. h3 {[%clk 00:03:09]  [%emt 00:00:03]} 20... g5 21. hxg4 {[%clk 00:03:08]}
1-0

[Event "II Open Internacional Blitz Quart de Pob"]
[Site "Quart de Poblet, Spain"]
[Date "2019.08.10"]
[Round "1.7"]
[White "Lagardera Ventura, Jose Luis"]
[Black "Toledano Llinares, Juan A"]
[Result "0-1"]
[WhiteElo "1493"]
[BlackElo "2249"]
[PlyCount "50"]
[EventDate "2019.??.??"]

1. d4 {[%clk 00:07:04]} 1... d6 {[%clk 00:07:04]} 2. Nf3 {
[%clk 00:07:05]  [%emt 00:00:03]} 2... Bg4 {[%clk 00:07:05]  [%emt 00:00:03]}
3. g3 {[%clk 00:07:07]} 3... Bxf3 {[%clk 00:07:03]  [%emt 00:00:11]} 4. exf3 {
[%clk 00:07:09]} 4... Nd7 {[%clk 00:07:00]  [%emt 00:00:07]} 5. Bg2 {
[%clk 00:07:01]  [%emt 00:00:09]} 5... e6 {[%clk 00:07:02]} 6. O-O {
[%clk 00:07:01]  [%emt 00:00:07]} 6... d5 {[%clk 00:07:04]} 7. Re1 {
[%clk 00:06:48]  [%emt 00:00:07]} 7... Bd6 {[%clk 00:07:05]  [%emt 00:00:11]}
8. Bd2 {[%clk 00:06:09]  [%emt 00:00:53]} 8... c6 {[%clk 00:07:04]} 9. Nc3 {
[%clk 00:05:54]  [%emt 00:00:08]} 9... Ne7 {[%clk 00:07:04]} 10. a3 {
[%clk 00:05:26]  [%emt 00:00:32]} 10... h5 {[%clk 00:06:52]  [%emt 00:00:13]}
11. Ne2 {[%clk 00:04:49]  [%emt 00:00:39]} 11... h4 {
[%clk 00:06:52]  [%emt 00:00:29]} 12. b3 {[%clk 00:04:17]  [%emt 00:00:09]}
12... Nf5 {[%clk 00:06:14]  [%emt 00:00:44]} 13. c4 {
[%clk 00:03:38]  [%emt 00:00:41]} 13... Qf6 {[%clk 00:06:00]  [%emt 00:00:16]}
14. Be3 {[%clk 00:03:15]  [%emt 00:00:25]} 14... Nxe3 {
[%clk 00:05:57]  [%emt 00:00:30]} 15. fxe3 {[%clk 00:03:15]  [%emt 00:00:03]}
15... Qh6 {[%clk 00:05:58]} 16. Qd2 {[%clk 00:02:14]  [%emt 00:00:42]} 16...
hxg3 {[%clk 00:05:59]  [%emt 00:00:29]} 17. hxg3 {[%clk 00:02:14]} 17... Qh2+ {
[%clk 00:05:22]  [%emt 00:00:38]} 18. Kf2 {[%clk 00:02:16]} 18... Rh3 {
[%clk 00:05:24]} 19. f4 {[%clk 00:01:52]  [%emt 00:00:07]} 19... Nf6 {
[%clk 00:05:19]  [%emt 00:00:27]} 20. Rh1 {[%clk 00:01:23]  [%emt 00:00:13]}
20... Ne4+ {[%clk 00:05:17]  [%emt 00:00:30]} 21. Ke1 {
[%clk 00:01:16]  [%emt 00:00:10]} 21... Qxh1+ {[%clk 00:05:11]} 22. Bxh1 {
[%clk 00:01:15]} 22... Rxh1+ {[%clk 00:05:13]} 23. Ng1 {[%clk 00:01:11]} 23...
Rxg1+ {[%clk 00:05:14]  [%emt 00:00:06]} 24. Ke2 {[%clk 00:01:13]} 24... Rxa1 {
[%clk 00:05:15]} 25. a4 {[%clk 00:00:53]  [%emt 00:00:23]} 25... Nxd2 {
[%clk 00:05:15]} 0-1